[Event "VI Floripa Open 2020"]
[Site "Florianopolis"]
[Date "2020.01.20"]
[Round "1.62"]
[White "Valcarcel, Victor Ignacio dos S"]
[Black "Dias, Anderson Tatsch"]
[Result "1/2-1/2"]
[WhiteElo "1856"]
[BlackElo "2136"]
[Annotator "ChessBase"]
[PlyCount "90"]
[EventDate "2020.01.20"]
[EventType "swiss"]
[EventRounds "10"]
[EventCountry "BRA"]
[SourceTitle "playchess.com"]
[Source "ChessBase"]
[SourceQuality "1"]
[TimeControl "5400+30"]

1. e4 c5 2. Nf3 e6 3. d4 cxd4 4. Nxd4 a6 5. Be3 Nf6 6. Nd2 Nc6 7. c3 d5 8. exd5 Nxd5 9. Nxc6 bxc6 10. Nc4 Nxe3 11. Qxd8+ Kxd8 12. fxe3 Kc7 13. O-O-O f6 14. g3 a5 15. Bg2 e5 16. h4 Be6 17. b3 Bc5 18. Rhe1 a4 19. Nd2 axb3 20. Nxb3 Be7 21. Kb2 Ra3 22. Be4 Rha8 23. Ra1 f5 24. Bd3 Rb8 25. Bc2 e4 26. Reb1 h5 27. Kc1 c5 28. Rb2 Bd6 29. Rab1 Bd7 30. Nd2 Rxb2 31. Kxb2 Ra8 32. Nc4 Be6 33. Nxd6 Kxd6 34. Rd1+ Kc7 35. a4 Bc4 36. Ka3 Ra6 37. Bb3 Bd3 38. Bf7 g6 39. Rd2 Rf6 40. Be8 Re6 41. Bb5 Rd6 42. Be8 Kd8 43. Bb5 Kc7 44. Be8 Kd8 45. Bb5 Kc7 1/2-1/2

[Event "VI Floripa Open 2020"]
[Site "Florianopolis"]
[Date "2020.01.20"]
[Round "1.63"]
[White "Silva, Kaua Marques"]
[Black "Ulrich, Henning"]
[Result "1-0"]
[WhiteElo "2136"]
[BlackElo "1855"]
[Annotator "ChessBase"]
[PlyCount "41"]
[EventDate "2020.01.20"]
[EventType "swiss"]
[EventRounds "10"]
[EventCountry "BRA"]
[SourceTitle "playchess.com"]
[Source "ChessBase"]
[SourceQuality "1"]
[TimeControl "5400+30"]

1. e4 c5 2. Nf3 e6 3. d4 cxd4 4. Nxd4 a6 5. Bd3 d6 6. O-O Nf6 7. Nc3 Be7 8. Kh1 O-O 9. f4 Qc7 10. Qf3 Nbd7 11. Bd2 Rd8 12. Rae1 b5 13. Qh3 g6 14. e5 Ne8 15. Nxe6 fxe6 16. Qxe6+ Kf8 17. f5 Ndf6 18. Bh6+ Ng7 19. Bxg7+ Kxg7 20. exf6+ Bxf6 21. Qxf6+ 1-0

[Event "VI Floripa Open 2020"]
[Site "Florianopolis"]
[Date "2020.01.20"]
[Round "1.64"]
[White "Buganca, Luiz Henrique Da Sil"]
[Black "Calcado, Acyr Rogerio"]
[Result "1/2-1/2"]
[WhiteElo "1854"]
[BlackElo "2132"]
[Annotator "ChessBase"]
[PlyCount "75"]
[EventDate "2020.01.20"]
[EventType "swiss"]
[EventRounds "10"]
[EventCountry "BRA"]
[SourceTitle "playchess.com"]
[Source "ChessBase"]
[SourceQuality "1"]
[TimeControl "5400+30"]

1. d4 d5 2. Nf3 Nf6 3. g3 c5 4. dxc5 e6 5. Bg2 Bxc5 6. O-O O-O 7. c4 Nbd7 8. cxd5 Nxd5 9. e4 N5f6 10. Qe2 e5 11. Nc3 b6 12. Rd1 Ng4 13. Rf1 Bb7 14. h3 Ngf6 15. Bg5 h6 16. Bxf6 Qxf6 17. Rfd1 Qe6 18. Nd5 Rac8 19. b4 Bd6 20. a3 Nf6 21. Nxf6+ Qxf6 22. Nh4 Rfd8 23. Rac1 Rxc1 24. Rxc1 g6 25. Rd1 Bf8 26. Rd2 Rxd2 27. Qxd2 Qd6 28. Qc3 Bg7 29. Qc4 Qc6 30. Qd3 Bf6 31. b5 Qc1+ 32. Kh2 Bxh4 33. gxh4 Qf4+ 34. Kh1 Qxh4 35. Qd7 Bxe4 36. Qe8+ Kh7 37. Qxf7+ Kh8 38. Qf8+ 1/2-1/2

[Event "VI Floripa Open 2020"]
[Site "Florianopolis"]
[Date "2020.01.20"]
[Round "1.65"]
[White "Fiaes, Mario Henrique Andra"]
[Black "Asth, Antonio Luiz Braga"]
[Result "1-0"]
[WhiteElo "2126"]
[BlackElo "1852"]
[Annotator "ChessBase"]
[PlyCount "131"]
[EventDate "2020.01.20"]
[EventType "swiss"]
[EventRounds "10"]
[EventCountry "BRA"]
[SourceTitle "playchess.com"]
[Source "ChessBase"]
[SourceQuality "1"]
[TimeControl "5400+30"]

1. d4 d5 2. c4 e6 3. Nf3 a6 4. cxd5 exd5 5. Nc3 Nf6 6. Bg5 Be7 7. Qc2 h6 8. Bh4 O-O 9. e3 c6 10. Bd3 Be6 11. O-O Nbd7 12. Ne5 Nxe5 13. dxe5 Ng4 14. Bg3 Qc7 15. Be2 h5 16. h3 Nxe5 17. Bxh5 Bd6 18. Rfd1 Rac8 19. e4 Nc4 20. Bxd6 Qxd6 21. exd5 cxd5 22. Bf3 Ne5 23. Qe2 Nxf3+ 24. Qxf3 Rfd8 25. Rd4 Rc4 26. Qd3 Qb4 27. Rd1 Rxd4 28. Qxd4 Qxb2 29. Rb1 Qa3 30. Rxb7 Qc1+ 31. Kh2 Rc8 32. Ne2 Qc4 33. Qb2 Qc2 34. Nd4 Qxb2 35. Rxb2 Rc4 36. Rd2 a5 37. Kg3 a4 38. Kf4 Kf8 39. Ke3 Ke7 40. Rc2 Rxc2 41. Nxc2 d4+ 42. Kxd4 Bxa2 43. Kc3 Kd6 44. Kb4 Bb3 45. Ne1 Kd5 46. Nd3 g5 47. Nc5 Kd4 48. Nxb3+ axb3 49. Kxb3 Kd3 50. g3 Ke4 51. Kc3 f5 52. Kd2 Kf3 53. Ke1 f4 54. gxf4 Kxf4 55. Ke2 g4 56. hxg4 Kxg4 57. Ke3 Kf5 58. Kf3 Ke5 59. Kg4 Kf6 60. Kf4 Ke6 61. Kg5 Ke5 62. f3 Ke6 63. f4 Kf7 64. Kf5 Kf8 65. Kf6 Ke8 66. Kg7 1-0

[Event "VI Floripa Open 2020"]
[Site "Florianopolis"]
[Date "2020.01.20"]
[Round "1.66"]
[White "Torres, Eduardo Lisboa"]
[Black "Labussiere, Yago"]
[Result "0-1"]
[WhiteElo "1850"]
[BlackElo "2125"]
[Annotator "ChessBase"]
[PlyCount "76"]
[EventDate "2020.01.20"]
[EventType "swiss"]
[EventRounds "10"]
[EventCountry "BRA"]
[SourceTitle "playchess.com"]
[Source "ChessBase"]
[SourceQuality "1"]
[TimeControl "5400+30"]

1. d4 Nf6 2. c4 g6 3. Nc3 Bg7 4. e4 d6 5. Nf3 O-O 6. Be2 c5 7. d5 e6 8. O-O Re8 9. h3 Na6 10. Bg5 h6 11. Be3 exd5 12. exd5 Bf5 13. Bd3 Ne4 14. Nxe4 Bxe4 15. Bxe4 Rxe4 16. Qc2 f5 17. a3 Nc7 18. Rae1 Qd7 19. Bd2 Rae8 20. Rxe4 Rxe4 21. Re1 Rxe1+ 22. Bxe1 b5 23. b3 a6 24. Bc3 Ne8 25. Nh4 Kf7 26. g4 Bxc3 27. Qxc3 fxg4 28. Qd3 gxh3 29. Qxg6+ Ke7 30. Nf5+ Kd8 31. Nxh6 bxc4 32. bxc4 Kc7 33. Qf7 Qxf7 34. Nxf7 Kb6 35. Nd8 Ka5 36. Nc6+ Ka4 37. Kh2 Kxa3 38. Kxh3 Kb3 0-1

[Event "VI Floripa Open 2020"]
[Site "Florianopolis"]
[Date "2020.01.20"]
[Round "1.67"]
[White "De Borba, Gabriel"]
[Black "Reinaldo Dos Santos, Julio"]
[Result "1-0"]
[WhiteElo "2124"]
[BlackElo "1849"]
[Annotator "ChessBase"]
[PlyCount "143"]
[EventDate "2020.01.20"]
[EventType "swiss"]
[EventRounds "10"]
[EventCountry "BRA"]
[SourceTitle "playchess.com"]
[Source "ChessBase"]
[SourceQuality "1"]
[TimeControl "5400+30"]

1. e4 c5 2. Nf3 e6 3. d4 cxd4 4. Nxd4 Nc6 5. Nxc6 bxc6 6. Nc3 d5 7. Bd3 Nf6 8. Qe2 Be7 9. O-O Qc7 10. b3 O-O 11. Bb2 e5 12. exd5 Bd6 13. Be4 cxd5 14. Nxd5 Nxd5 15. Bxd5 Rb8 16. h3 Bb7 17. Rad1 Bxd5 18. Rxd5 Rfe8 19. Rfd1 Rbd8 20. c4 f6 21. Qd3 Be7 22. Ba3 Rxd5 23. Qxd5+ Kf8 24. Bxe7+ Kxe7 25. c5 a5 26. a3 Rb8 27. c6 Rc8 28. Qd7+ Kf8 29. Qxc7 Rxc7 30. Rc1 Ke7 31. b4 axb4 32. axb4 Kd6 33. b5 Rc8 34. Kf1 Kc7 35. Rd1 Kb6 36. Rd7 Kxb5 37. Rxg7 Rxc6 38. Rxh7 Kc5 39. Rd7 f5 40. Ke2 Rh6 41. f4 e4 42. Ke3 Rg6 43. Rf7 Rxg2 44. Rxf5+ Kd6 45. Kxe4 Ke6 46. Rb5 Kf6 47. Rb6+ Kg7 48. Kf3 Rg1 49. Ra6 Rf1+ 50. Kg4 Rg1+ 51. Kf5 Rh1 52. Ra7+ Kh6 53. Ra3 Kg7 54. Re3 Kf7 55. Rg3 Ra1 56. Kg5 Ra8 57. Rb3 Rg8+ 58. Kf5 Rg1 59. Rb7+ Kg8 60. h4 Rh1 61. h5 Kf8 62. Kg6 Rg1+ 63. Kf6 Kg8 64. f5 Rh1 65. Rg7+ Kh8 66. Rg2 Rxh5 67. Kg6 Rh7 68. f6 Rb7 69. Rc2 Rb8 70. Rh2+ Kg8 71. f7+ Kf8 72. Rh8+ 1-0

[Event "VI Floripa Open 2020"]
[Site "Florianopolis"]
[Date "2020.01.20"]
[Round "1.68"]
[White "Borges, Lucas Silvestre"]
[Black "Nery Junior, Jose Antonio"]
[Result "0-1"]
[WhiteElo "1847"]
[BlackElo "2121"]
[Annotator "ChessBase"]
[PlyCount "106"]
[EventDate "2020.01.20"]
[EventType "swiss"]
[EventRounds "10"]
[EventCountry "BRA"]
[SourceTitle "playchess.com"]
[Source "ChessBase"]
[SourceQuality "1"]
[TimeControl "5400+30"]

1. d4 Nf6 2. Bg5 Ne4 3. Bh4 g5 4. Qd3 d5 5. f3 gxh4 6. fxe4 Bh6 7. Nf3 h3 8. g3 dxe4 9. Qxe4 Bc1 10. Nbd2 Bxb2 11. Rb1 Bc3 12. Rb3 Ba5 13. Qe5 Bxd2+ 14. Kxd2 Rf8 15. e3 Nd7 16. Qf4 Nf6 17. c4 c5 18. Bd3 Qa5+ 19. Rc3 Qxa2+ 20. Rc2 Qa5+ 21. Rc3 Bd7 22. Ne5 Bc6 23. Nxc6 bxc6 24. Rb1 Qa2+ 25. Bc2 Nd7 26. Qc7 cxd4 27. exd4 Qa6 28. Rb7 Rd8 29. Rxa7 Qc8 30. Bxh7 Qxc7 31. Rxc7 Nf6 32. Bf5 e6 33. Bc2 Rxd4+ 34. Ke3 Rd7 35. Rxc6 Ng4+ 36. Ke2 Nxh2 37. g4 Rh8 38. Rc8+ Rd8 39. Ba4+ Ke7 40. Rxd8 Kxd8 41. Rg3 Kc7 42. Bc2 Rh4 43. Be4 Nxg4 44. Bh1 Kd6 45. c5+ Kxc5 46. Rd3 Ne5 47. Rd8 f5 48. Kf2 Rd4 49. Re8 Ng4+ 50. Kg3 Rd3+ 51. Kf4 Rd1 52. Bf3 Rf1 53. Rh8 Nh2 0-1

[Event "VI Floripa Open 2020"]
[Site "Florianopolis"]
[Date "2020.01.20"]
[Round "1.69"]
[White "Federzoni, Enzo"]
[Black "Lemos, Paulo Renato Bueno O"]
[Result "1-0"]
[WhiteElo "2118"]
[BlackElo "1842"]
[Annotator "ChessBase"]
[PlyCount "117"]
[EventDate "2020.01.20"]
[EventType "swiss"]
[EventRounds "10"]
[EventCountry "BRA"]
[SourceTitle "playchess.com"]
[Source "ChessBase"]
[SourceQuality "1"]
[TimeControl "5400+30"]

1. e4 e5 2. Nf3 Nf6 3. Nc3 Bb4 4. Nxe5 Bxc3 5. dxc3 Qe7 6. Nd3 Qxe4+ 7. Qe2 Qxe2+ 8. Bxe2 O-O 9. Bf4 d6 10. O-O-O Bg4 11. f3 Be6 12. b3 Nc6 13. Rhe1 Rfe8 14. c4 b6 15. c3 Re7 16. g4 Rae8 17. Bf1 Bc8 18. Bg3 Rxe1 19. Rxe1 Rxe1+ 20. Nxe1 Ne5 21. h3 Bb7 22. Be2 Kf8 23. Kd2 Ke7 24. Ke3 h6 25. Nc2 c5 26. Ne1 g5 27. Nd3 Nfd7 28. Nf2 Nf6 29. h4 Ke6 30. Nh3 gxh4 31. Nf4+ Ke7 32. Bxh4 Ng6 33. Bg3 Ne5 34. Nd3 Nfd7 35. Bf4 Nxd3 36. Bxd3 Ne5 37. Be2 f5 38. Bxh6 Kf6 39. Bf8 fxg4 40. fxg4 Nf7 41. Kf4 a6 42. Bd3 Bc6 43. a4 d5 44. a5 bxa5 45. Bxc5 dxc4 46. Bxc4 a4 47. bxa4 Bxa4 48. Bxa6 Nd8 49. Bd4+ Kf7 50. Bc4+ Ne6+ 51. Ke5 Bd7 52. Kd6 Bc8 53. g5 Ke8 54. Bxe6 Bb7 55. g6 Be4 56. g7 Bh7 57. c4 Kd8 58. Bd7 Bg8 59. c5 1-0

[Event "VI Floripa Open 2020"]
[Site "Florianopolis"]
[Date "2020.01.20"]
[Round "1.70"]
[White "Ramillo, Vitoria Matheus"]
[Black "Heinechen, Juan"]
[Result "0-1"]
[WhiteElo "1841"]
[BlackElo "2110"]
[Annotator "ChessBase"]
[PlyCount "59"]
[EventDate "2020.01.20"]
[EventType "swiss"]
[EventRounds "10"]
[EventCountry "BRA"]
[SourceTitle "playchess.com"]
[Source "ChessBase"]
[SourceQuality "1"]
[TimeControl "5400+30"]

1. e4 c5 2. Nf3 Nc6 3. Bb5 d6 4. Bxc6+ bxc6 5. d3 e5 6. O-O Be7 7. c3 f5 8. exf5 Bxf5 9. d4 cxd4 10. cxd4 e4 11. Qc2 Qd7 12. Ne1 Nf6 13. Bg5 O-O 14. Qe2 d5 15. Nc3 Bd6 16. f3 Rad8 17. Bxf6 Rxf6 18. fxe4 dxe4 19. g3 Bc7 20. Qe3 Bb6 21. Nc2 Rd6 22. Rad1 Bg4 23. Rd2 c5 24. d5 c4 25. Nd4 Bh5 26. Rf4 Bg6 27. Kg2 a6 28. Re2 Qa7 29. Rd2 h6 30. h3 0-1

[Event "VI Floripa Open 2020"]
[Site "Florianopolis"]
[Date "2020.01.20"]
[Round "1.71"]
[White "Fajardo Freire, Joao Alfredo Cas"]
[Black "Farias, Edilsom"]
[Result "0-1"]
[WhiteElo "2108"]
[BlackElo "1839"]
[Annotator "ChessBase"]
[PlyCount "148"]
[EventDate "2020.01.20"]
[EventType "swiss"]
[EventRounds "10"]
[EventCountry "BRA"]
[SourceTitle "playchess.com"]
[Source "ChessBase"]
[SourceQuality "1"]
[TimeControl "5400+30"]

1. e4 c6 2. d4 d5 3. e5 c5 4. dxc5 Nc6 5. Nf3 Bg4 6. Be2 e6 7. Be3 Nge7 8. Nc3 Nf5 9. Bg5 Qa5 10. O-O Bxc5 11. a3 Bxf3 12. Bxf3 Bd4 13. Re1 O-O 14. Bd2 Qb6 15. Na4 Qc7 16. Rc1 Nxe5 17. Be2 Nc6 18. c4 dxc4 19. Bxc4 Be5 20. h3 Rad8 21. Qe2 Qd6 22. Rcd1 Nfd4 23. Qe4 Qe7 24. Bb4 Nxb4 25. Qxe5 Nbc6 26. Qe4 Qg5 27. Nc3 Qf5 28. Qh4 Qg6 29. Rd3 Nf5 30. Qf4 Rxd3 31. Bxd3 Rd8 32. Bb1 Qf6 33. Be4 Ncd4 34. Qc7 Qe7 35. Qxe7 Nxe7 36. Bxb7 Rb8 37. Rd1 e5 38. Be4 Rxb2 39. g4 f6 40. Kf1 Kf7 41. Rc1 Nb3 42. Nb1 Ng6 43. Rc7+ Kf8 44. Ke1 Nf4 45. Rb7 Re2+ 46. Kf1 Nc5 47. Rb8+ Kf7 48. Nc3 Rd2 49. Ke1 Rd4 50. Bb1 Nxh3 51. Rc8 Nd3+ 52. Kf1 Nhxf2 53. Ke2 e4 54. Ke3 Rd7 55. Nxe4 Nxg4+ 56. Ke2 Nde5 57. Ba2+ Kg6 58. Be6 Rb7 59. Rc2 Rb6 60. Bd5 h5 61. Nd2 Ra6 62. Rc3 f5 63. Nf1 Rb6 64. a4 Rb2+ 65. Nd2 h4 66. a5 Kg5 67. a6 Nf6 68. Bg2 Ra2 69. Bb7 Ne4 70. Bxe4 fxe4 71. Rc5 Kf4 72. Rc7 e3 73. Rxg7 Rxd2+ 74. Kf1 e2+ 0-1

[Event "VI Floripa Open 2020"]
[Site "Florianopolis"]
[Date "2020.01.20"]
[Round "1.72"]
[White "De Freitas, Julio Eimard"]
[Black "Souza, Rafael Cabral De"]
[Result "1/2-1/2"]
[WhiteElo "1834"]
[BlackElo "2104"]
[Annotator "ChessBase"]
[PlyCount "57"]
[EventDate "2020.01.20"]
[EventType "swiss"]
[EventRounds "10"]
[EventCountry "BRA"]
[SourceTitle "playchess.com"]
[Source "ChessBase"]
[SourceQuality "1"]
[TimeControl "5400+30"]

1. d4 c5 2. c3 Nf6 3. Nf3 cxd4 4. cxd4 g6 5. Nc3 Bg7 6. Bf4 O-O 7. e3 d6 8. Be2 Nc6 9. O-O Qa5 10. h3 e5 11. Bh2 Re8 12. d5 Ne7 13. e4 Bd7 14. Nd2 b5 15. a3 g5 16. Nb3 Qb6 17. Kh1 Ng6 18. f3 Nh5 19. Nc1 a5 20. Nd3 Ngf4 21. g4 b4 22. Nxf4 Nxf4 23. Nb1 Nxh3 24. Kg2 Nf4+ 25. Bxf4 exf4 26. Nd2 Bb5 27. axb4 axb4 28. Rxa8 Rxa8 29. b3 1/2-1/2

[Event "VI Floripa Open 2020"]
[Site "Florianopolis"]
[Date "2020.01.20"]
[Round "1.73"]
[White "De Carvalho, Christopher"]
[Black "Maia, Jonathan Cesar"]
[Result "1-0"]
[WhiteElo "2100"]
[BlackElo "1834"]
[Annotator "ChessBase"]
[PlyCount "109"]
[EventDate "2020.01.20"]
[EventType "swiss"]
[EventRounds "10"]
[EventCountry "BRA"]
[SourceTitle "playchess.com"]
[Source "ChessBase"]
[SourceQuality "1"]
[TimeControl "5400+30"]

1. d4 d5 2. c4 c6 3. Nf3 Nf6 4. e3 g6 5. b3 Bg7 6. Bb2 O-O 7. Nbd2 b6 8. Bd3 Nbd7 9. e4 dxe4 10. Nxe4 Nxe4 11. Bxe4 Qc7 12. Qe2 Nf6 13. Bc2 c5 14. d5 e6 15. Be5 Qb7 16. d6 Bd7 17. O-O Bc6 18. Rfe1 Bxf3 19. gxf3 Rad8 20. Rad1 Nd7 21. f4 Nb8 22. Be4 Qd7 23. Qb2 f6 24. Bc3 f5 25. Bd5 exd5 26. Re7 Bxc3 27. Qxc3 d4 28. Qh3 Rf7 29. Rxd7 Nxd7 30. b4 cxb4 31. Rxd4 Nc5 32. Qe3 Rfd7 33. Qe5 Nb7 34. Qb5 Rxd6 35. Rxd6 Nxd6 36. Qxb4 Kf7 37. Qa4 Nc8 38. Qc6 Rf8 39. Kg2 Kg7 40. Qc7+ Kh6 41. a4 Rg8 42. Qf7 Rd8 43. h4 Rh8 44. Qf6 Rg8 45. h5 Re8 46. Kg3 Rg8 47. Kh4 Re8 48. Qg5+ Kg7 49. h6+ Kf7 50. Qg3 Re6 51. Qc3 Re7 52. Qh8 Nd6 53. Qxh7+ Kf8 54. Qh8+ Kf7 55. h7 1-0

[Event "VI Floripa Open 2020"]
[Site "Florianopolis"]
[Date "2020.01.20"]
[Round "1.74"]
[White "Bernardes, Arthur Feliphe Strut"]
[Black "Gruettner, Ralf"]
[Result "0-1"]
[WhiteElo "1828"]
[BlackElo "2099"]
[Annotator "NA"]
[PlyCount "28"]
[EventDate "2020.01.20"]
[EventType "swiss"]
[EventRounds "10"]
[EventCountry "BRA"]
[SourceTitle "playchess.com"]
[Source "ChessBase"]
[SourceQuality "1"]
[TimeControl "5400+30"]

1. e4 e5 2. Nf3 Nc6 3. d4 exd4 4. Bc4 Bc5 5. O-O d6 6. c3 dxc3 7. Nxc3 Nf6 8. Bg5 h6 9. Bh4 Bg4 10. Qb3 Bxf3 11. gxf3 Na5 12. Bxf6 gxf6 13. Bb5+ Kf8 14. Qa4 Rg8+ {Ilegível} 0-1

[Event "VI Floripa Open 2020"]
[Site "Florianopolis"]
[Date "2020.01.20"]
[Round "1.75"]
[White "Torella, Rodolfo"]
[Black "Horisch, Juan Pablo"]
[Result "1-0"]
[WhiteElo "2091"]
[BlackElo "1824"]
[Annotator "NA"]
[PlyCount "76"]
[EventDate "2020.01.20"]
[EventType "swiss"]
[EventRounds "10"]
[EventCountry "BRA"]
[SourceTitle "playchess.com"]
[Source "ChessBase"]
[SourceQuality "1"]
[TimeControl "5400+30"]

1. e4 d6 2. d4 Nf6 3. Nc3 e5 4. Nf3 Nbd7 5. Bc4 Be7 6. h3 c6 7. Bb3 O-O 8. O-O Qc7 9. Re1 a5 10. a4 exd4 11. Nxd4 Nc5 12. Bc4 Be6 13. Bf1 Rad8 14. Qf3 Nfd7 15. Qg3 Bf6 16. Be3 Rfe8 17. f4 Nf8 18. Nxe6 Ncxe6 19. Qf2 Nd7 20. g4 Nec5 21. e5 Be7 22. exd6 Bxd6 23. Rad1 Na6 24. Bc4 Nb4 25. Bb3 b6 26. g5 Re7 27. Kg2 Rde8 28. f5 Kh8 29. f6 gxf6 30. gxf6 Rg8+ 31. Kh1 Rxe3 32. Qxe3 Nc5 33. Rg1 Bg3 34. Qe7 Qf4 35. Qxf7 Qf3+ 36. Rg2 Nxb3 37. cxb3 Nc2 38. Qc4 Ne3 1-0

[Event "VI Floripa Open 2020"]
[Site "Florianopolis"]
[Date "2020.01.20"]
[Round "1.76"]
[White "Boabaid, Jorge Alberto Duarde"]
[Black "Urquiza, Marcello de Albuquer"]
[Result "0-1"]
[WhiteElo "1823"]
[BlackElo "2079"]
[Annotator "NA"]
[PlyCount "82"]
[EventDate "2020.01.20"]
[EventType "swiss"]
[EventRounds "10"]
[EventCountry "BRA"]
[SourceTitle "playchess.com"]
[Source "ChessBase"]
[SourceQuality "1"]
[TimeControl "5400+30"]

1. e4 c5 2. Nf3 d6 3. d4 cxd4 4. Nxd4 a6 5. c4 Nf6 6. Bd3 e6 7. Nc3 b6 8. O-O Bb7 9. Bg5 Nbd7 10. f4 b5 11. Bh4 b4 12. Na4 Be7 13. Qe2 Qa5 14. b3 h6 15. Nxe6 fxe6 16. e5 dxe5 17. Bg6+ Kf8 18. f5 exf5 19. Rxf5 Qc7 20. c5 Bxc5+ 21. Nxc5 Qxc5+ 22. Bf2 Qd5 23. Be3 Kg8 24. Rd1 Qe6 25. Rf2 Be4 26. Bxe4 Nxe4 27. Qf3 Nxf2 28. Bxf2 Rf8 29. Qb7 Rf7 30. Qxb4 Kh7 31. Qe4+ g6 32. Be3 Qf5 33. Qh4 Qh5 34. Qe1 Rhf8 35. Qd2 Qf5 36. Qe2 Qe4 37. Qd2 Nf6 38. Bc5 Rd7 39. Qc1 Rxd1+ 40. Qxd1 Rf7 41. h3 Qd5 {abd} 0-1

[Event "VI Floripa Open 2020"]
[Site "Florianopolis"]
[Date "2020.01.20"]
[Round "1.77"]
[White "Pereira, Geanfrancesco"]
[Black "Bitencourt, Evandro Jose dos S"]
[Result "1-0"]
[WhiteElo "2078"]
[BlackElo "1819"]
[Annotator "NA"]
[PlyCount "69"]
[EventDate "2020.01.20"]
[EventType "swiss"]
[EventRounds "10"]
[EventCountry "BRA"]
[SourceTitle "playchess.com"]
[Source "ChessBase"]
[SourceQuality "1"]
[TimeControl "5400+30"]

1. c4 e5 2. g3 Nf6 3. Bg2 d5 4. cxd5 Nxd5 5. Nc3 Nb6 6. Nf3 Nc6 7. O-O Be7 8. d3 O-O 9. Be3 Re8 10. Rc1 Bf8 11. Na4 Nxa4 12. Qxa4 h6 13. a3 Bd7 14. Qc2 Be6 15. b4 a6 16. Bc5 Qd7 17. Qb2 Bh3 18. Bxf8 Kxf8 19. Rc4 Bxg2 20. Kxg2 f5 21. Rfc1 Kg8 22. a4 e4 23. Ne1 Rac8 24. b5 Ne5 25. Rd4 Qf7 26. dxe4 f4 27. f3 g5 28. Nd3 Ng6 29. bxa6 bxa6 30. Qb7 fxg3 31. hxg3 Qf6 32. Rd7 g4 33. Qd5+ Qe6 34. Rc6 gxf3+ 35. exf3 {abd} 1-0

[Event "VI Floripa Open 2020"]
[Site "Florianopolis"]
[Date "2020.01.20"]
[Round "1.80"]
[White "Frattini, Beatriz Maria"]
[Black "Souza Neves, Andrey M."]
[Result "0-1"]
[WhiteElo "1809"]
[BlackElo "2068"]
[Annotator "NA"]
[PlyCount "60"]
[EventDate "2020.01.20"]
[EventType "swiss"]
[EventRounds "10"]
[EventCountry "BRA"]
[SourceTitle "playchess.com"]
[Source "ChessBase"]
[SourceQuality "1"]
[TimeControl "5400+30"]

1. e4 c6 2. d4 d5 3. e5 Bf5 4. h4 h6 5. g4 Bd7 6. c4 e6 7. c5 b6 8. b4 a5 9. Qa4 Na6 10. Bxa6 Rxa6 11. Bd2 Qa8 12. Qc2 axb4 13. Bxb4 Ra4 14. Qb3 bxc5 15. dxc5 Qa7 16. Ne2 Rxb4 17. Qxb4 Bxc5 18. Qf4 Ne7 19. h5 O-O 20. Nd2 f6 21. O-O fxe5 22. Qxe5 Qa4 23. Qg3 e5 24. Qxe5 Qxg4+ 25. Ng3 Rf4 26. Qb8+ Bc8 27. Qb3 Nf5 28. Rfc1 Nxg3 29. Rxc5 Ne4+ 30. Kh1 Rxf2 0-1

[Event "VI Floripa Open 2020"]
[Site "Florianopolis"]
[Date "2020.01.20"]
[Round "1.81"]
[White "Antunes, Luciano Justi"]
[Black "Nunes, Guilherme Sacardo Te"]
[Result "1/2-1/2"]
[WhiteElo "2061"]
[BlackElo "1808"]
[Annotator "NA"]
[PlyCount "95"]
[EventDate "2020.01.20"]
[EventType "swiss"]
[EventRounds "10"]
[EventCountry "BRA"]
[SourceTitle "playchess.com"]
[Source "ChessBase"]
[SourceQuality "1"]
[TimeControl "5400+30"]

1. e4 e6 2. d3 d5 3. Nd2 Nc6 4. Ngf3 Nf6 5. g3 dxe4 6. dxe4 e5 7. Bg2 Bc5 8. O-O O-O 9. c3 a5 10. Qc2 b6 11. Nb3 Bd6 12. Bg5 a4 13. Nbd2 Bc5 14. Nc4 Ba6 15. Rfd1 Qe7 16. Ne3 Bxe3 17. Bxe3 Bc4 18. h3 Qe6 19. Ng5 Qe7 20. b3 axb3 21. axb3 Ba6 22. Kh2 h6 23. Nf3 Bb7 24. Nh4 Na5 25. Nf5 Qe6 26. c4 Nc6 27. Qc3 Ne7 28. Nxe7+ Qxe7 29. f3 c5 30. Rxa8 Rxa8 31. Qd3 Ne8 32. Rd2 f6 33. h4 Bc6 34. Bh3 Kf8 35. Bf5 Qc7 36. Be6 Ke7 37. Bd5 Rd8 38. Ra2 Bxd5 39. exd5 Kf8 40. Qb1 Nd6 41. Qh7 Re8 42. Qb1 Rb8 43. Qa1 Rb7 44. Ra8+ Rb8 45. Ra7 Rb7 46. Ra8+ Rb8 47. Ra7 Rb7 48. Ra8+ 1/2-1/2

[Event "VI Floripa Open 2020"]
[Site "Florianopolis"]
[Date "2020.01.20"]
[Round "1.82"]
[White "Simao Vasconcellos, Pedro August"]
[Black "Manzi, Luiz Antonio Bardaro"]
[Result "0-1"]
[WhiteElo "1805"]
[BlackElo "2059"]
[Annotator "NA"]
[PlyCount "86"]
[EventDate "2020.01.20"]
[EventType "swiss"]
[EventRounds "10"]
[EventCountry "BRA"]
[SourceTitle "playchess.com"]
[Source "ChessBase"]
[SourceQuality "1"]
[TimeControl "5400+30"]

1. d4 Nf6 2. c4 e6 3. Nc3 d5 4. cxd5 exd5 5. Bg5 Be7 6. e3 O-O 7. Bd3 Nbd7 8. Nge2 Re8 9. O-O c6 10. Qc2 h6 11. Bh4 Nf8 12. f3 c5 13. Bf2 g6 14. Qd2 c4 15. Bc2 Ne6 16. h3 Ng7 17. e4 dxe4 18. fxe4 Nh7 19. Be3 Bg5 20. Nf4 Bd7 21. Nfd5 Bc6 22. Bxg5 hxg5 23. Ne3 Nh5 24. Nxc4 b5 25. Ne3 b4 26. Ncd5 Ng3 27. Qf2 Nxf1 28. Rxf1 f6 29. Bb3 Kg7 30. e5 f5 31. Nxb4 Be4 32. Bd5 Bxd5 33. Nbxd5 f4 34. Nf6 Nxf6 35. exf6+ Qxf6 36. Ng4 Qe6 37. g3 Rad8 38. gxf4 gxf4 39. d5 Qxd5 40. Qxa7+ Rd7 41. Qa3 Qd4+ 42. Kh1 Re2 43. Qf3 Rxb2 {abd} 0-1

[Event "VI Floripa Open 2020"]
[Site "Florianopolis"]
[Date "2020.01.20"]
[Round "1.83"]
[White "Campos, Alexandre Ferreira"]
[Black "Weise, William Ferreira"]
[Result "1-0"]
[WhiteElo "2056"]
[BlackElo "1805"]
[Annotator "NA"]
[PlyCount "57"]
[EventDate "2020.01.20"]
[EventType "swiss"]
[EventRounds "10"]
[EventCountry "BRA"]
[SourceTitle "playchess.com"]
[Source "ChessBase"]
[SourceQuality "1"]
[TimeControl "5400+30"]

1. e4 e6 2. d3 d5 3. Nd2 Nf6 4. g3 c5 5. Bg2 Be7 6. Ngf3 Nc6 7. O-O O-O 8. c3 Qc7 9. Re1 b5 10. a4 b4 11. e5 Nd7 12. d4 bxc3 13. bxc3 c4 14. Ba3 Qa5 15. Qc2 Rb8 16. Bxe7 Nxe7 17. Ng5 Ng6 18. h4 h6 19. h5 hxg5 20. hxg6 Nb6 21. gxf7+ Rxf7 22. Nf3 g4 23. Nh2 Bd7 24. Nxg4 Nxa4 25. Qg6 Kf8 26. Ra3 Rb3 27. Rea1 Rxc3 28. Rxa4 Bxa4 29. Qxe6 1-0